000 00509nam a2200169Ia 4500
999 _c35287
_d35287
003 OSt
005 20201221105038.0
008 190216s9999||||xx |||||||||||||| ||und||
040 _coclc
082 _a032
_bBEN/B
100 _aBenton, William
_97704
245 0 _aBritannica Book Of The Year 1970 /
_cWilliam Benton
260 _bEncyclopaedia Britannica In Corporation,
_c1970.
_aChicago:
300 _a865p
650 _aEncyclopaedia
942 _cREF
_2ddc
_h032
_iBEN/B
_k032
_mBEN/B